Computers today
Αποθηκεύτηκε σε:
| Κύριος συγγραφέας: | |
|---|---|
| Μορφή: | Βιβλίο |
| Γλώσσα: | English |
| Δημοσίευση: |
New York :
McGraw Hill,
1988
|
| Έκδοση: | 3rd ed. |
| Θέματα: | |
| Ετικέτες: |
Προσθήκη ετικέτας
Δεν υπάρχουν, Καταχωρήστε ετικέτα πρώτοι!
|
MARC
| LEADER | 00000nam a2200000 i 4500 | ||
|---|---|---|---|
| 001 | 1/49698 | ||
| 008 | 950913s1988 eng d | ||
| 020 | |a 0-07-054854-4 | ||
| 035 | |1 ΕΛΗ |a 1995 |b 1807 |c ΚΑΤΣΙΚΑΣ |l 10043679 | ||
| 035 | |1 ΕΛΗ |a 1995 |b 2410 |c ΓΚΡΙΤΖΑΛΗΣ | ||
| 040 | |a GR-MY-UA |b gre |e aacr | ||
| 041 | 0 | |a eng | |
| 082 | 0 | |a 004 | |
| 100 | 1 | |a Sanders, Donald H. | |
| 245 | 1 | 0 | |a Computers today / |c Donald H.Sanders |
| 250 | |a 3rd ed. | ||
| 260 | |a New York : |b McGraw Hill, |c 1988 | ||
| 300 | |a 640 p.; |c 25 cm.+ | ||
| 500 | |a Includes index | ||
| 650 | 0 | 0 | |a Electronic digital computers. |
| 650 | 0 | 0 | |a Computer software. |
| 852 | |a INST |b SAMOS |e 19970124 |h 004 SAN |p 005300009252 |q 005300009252 |t BK |y 0 | ||
| 852 | |a INST |b SAMOS |e 19950913 |h 004 SAN |p 005300010040 |q 005300010040 |t BK |y 0 | ||
| 901 | |a BIBL-1997-1 | ||
| 909 | |a Σ |b 041848 | ||
| 909 | |a Σ |b 043698 | ||